000 00759nam a2200181 a 4500
001 51156
005 20180714040506.0
008 140415s1996 ag 000 0 spa d
020 _a9501261131
041 _aspa
082 _a371.102
_bCOR
245 0 0 _aCORRIENTES DIDACTICAS CONTEMPORANEAS
250 _a1a ed.
260 _aARGENTINA :
_bPAIDOS,
_c1996
300 _a582
_c15.5 x 1 x 21
520 _aESTE LIBRO REUNE SEIS ARTÍCULOS QUE PRESENTAN UNA SÍNTESIS DE LA PARTICIPACIÓN DE LAS AUTORAS EN EL SEMINARIO CORRIENTES CONTEMPORÁNEAS DE LA DIDÁCTICA , D LA AMESTRÍA EN DIDÁCTICA . LA OBRA AUME EL COMPROMISO DE LA FORMACIÓN DIDÁCTICA , Y ASPIRA A IMPULSAR EL DEBATE Y LA INVESTIGACIÓN EN ESTE CAMPO
650 1 4 _aDIDACTICA
999 _c51156
_d51156